| 000 | 00520nam a2200169 a 4500 | ||
|---|---|---|---|
| 005 | 20240216063600.0 | ||
| 008 | 991125s1973 mx 000 0 spa u | ||
| 035 | _aUPN01000004229 | ||
| 049 | _aCG | ||
| 050 | 4 |
_aKGC2301 _bR3.3 |
|
| 100 | 1 | _aRamírez de Aguilar, Fernando | |
| 245 | 1 | 0 |
_aApuntes de derecho fiscal : _bparte de doctrinaria y procesal / _cFernando Ramírez de Aguilar. |
| 260 |
_aOaxaca : _bUABJ, _c1973. |
||
| 300 | _a179 p. | ||
| 650 | 2 |
_aImpuestos _xLeyes y legislación _zMéxico _918587 |
|
| 905 | _aLibro | ||
| 999 |
_c4229 _d4229 |
||